Statystyki dla Kluby najlepsze

Kliknij tutaj aby rozwiązać quiz!

Ogólne statystyki

  • Ten quiz został rozwiązany 123 razy
  • Średni wynik to 6 z 15

Statystyki odpowiedzi

LigaKlub% Poprawnych
BundesligaBayern
84%
Premier LeagueLiverpool
80%
Ligue 1PSG
80%
LaligaBarcelona
74%
EredisiveAjax
61%
Serie AMilan
46%
Liga NOSPorto
43%
Premier League (Ukraina)Dynamo Kijów
34%
Bundesliga (Austria)Salzburg
32%
EkstraklasaRaków Częstochowa
29%
Premier LigaZenit
15%
1.LigaSlavia Praga
4%
Super LeagueYoung Boys
2%
Super LigaCrvena zvezda
0%
1.MFLShkupi
0%

Rozkład punktacji

Percentyl według liczby udzielonych odpowiedzi

Procent ludzi z każdym wynikiem

Twoja historia wyników

Nie rozwiązałeś tego quizu